| 000 | 00524nam a2200181 a 4500 | ||
|---|---|---|---|
| 005 | 20260322212030.0 | ||
| 008 | data | ||
| 010 | _a59-12367 | ||
| 090 | _aBF 701 S11m 1959 | ||
| 100 | 1 | _aSchachtel, Ernest G. | |
| 245 | 1 | 0 |
_aMetamorphosis : _bon the development of affect, perception, attention, and memory / _cErnest G. Schachtel. |
| 260 |
_aNew York _bBasic Books _cp1959 |
||
| 300 | _aviii, 344 p. | ||
| 650 | 4 | _aCreation (Literary, artistic, etc.). | |
| 650 | 4 | _aGenetic psychology. | |
| 650 | 0 | 2 | _aPsychoanalysis |
| 001 | data | ||
| 999 |
_c702 _d702 |
||